| 000 | 00449nam a2200205Ia 4500 | ||
|---|---|---|---|
| 003 | 0100 | ||
| 008 | 130303s9999 xx 000 0 und d | ||
| 020 | _a0860124614 | ||
| 040 | _cARRUPELIB | ||
| 050 | _aB765.T54M121 | ||
| 100 | _aMcCabe, Herbert | ||
| 245 | _aOn Aquinas | ||
| 260 | _aLondon | ||
| 260 | _bBurns and Oates | ||
| 260 | _C2008 | ||
| 300 | _a180p. | ||
| 300 | _b 20cm. | ||
| 700 | _aDavies, Brian (ed.) | ||
| 942 |
_2lcc _03 |
||
| 999 |
_c65963 _d65963 |
||